000 01008nam a2200289 i 4500
003 IT-RoINE
005 20180717050040.0
008 960722m19952015sp ab |r 001|||spa|d
020 _a8485096533 (O.c.)
020 _a9788485096534
020 _a8485096517 (V. 1)
020 _a9788485096527 (V. 2)
040 _aSpMaBN
_cSpMaBN IT-RoINE
_dIT-RoINE
100 1 _aMartínez Cuesta, Ángel,
_d1938-
_94842
_cO.R.S.A.,
245 1 0 _aHistoria de los Agustinos Recoletos /
_cÁngel Martínez Cuesta.
260 _aMadrid :
_bAugustinus,
_c1995-<2015>
300 _av. <1-2> :
_bil. col. y n., mapas ;
_c22 cm.
336 _aTexto (visual)
_2rdacontent
337 _2rdamedia
_aunmediated
338 _2rdacarrier
_avolume
500 0 _aEn 3 v.
500 0 _aIncluye índices.
504 _aIncluye referencias bibliográficas.
505 1 _aV. 1. Desde los orígenes hasta el siglo XIX (749 p.) -- V. 2. El siglo XIX (1097 p.).
610 2 4 _aAgustinos Recoletos
_926277
_xHistoria
942 _cMTS
999 _c26097
_d26097